La Mujer y la infección por el VIH SIDA: estrategias de prevención y atención
Spremljeno u:
| Glavni autor: | |
|---|---|
| Autori kompanije: | , |
| Daljnji autori: | , , |
| Format: | Tekst |
| Izdano: |
Washington D.C.:
OPS/OMS
|
| Teme: | |
| Oznake: |
Dodaj oznaku
Bez oznaka, Budi prvi tko označuje ovaj zapis!
|
MARC
| LEADER | 00000 a a2200000 04500 | ||
|---|---|---|---|
| 001 | 19406 | ||
| 003 | |||
| 040 | |||
| 090 | |a 145800 | ||
| 100 | |a Pratz, Dionne | ||
| 110 | |a Organizacion Panamericana de la Salud | ||
| 245 | |a La Mujer y la infección por el VIH SIDA: estrategias de prevención y atención |a Organizacion Panamericana de la Salud | ||
| 260 | |a Washington D.C.: |b OPS/OMS | ||
| 300 | |a 66 p. | ||
| 300 | |b il. | ||
| 650 | |a SIDA | ||
| 650 | |a ENFERMEDADES DE TRANSMISION SEXUAL | ||
| 650 | |a ENFERMEDADES INFECCIOSAS | ||
| 650 | |a MUJERES | ||
| 650 | |a EMBARAZO | ||
| 700 | |a Mazín, Rafael | ||
| 700 | |a colab | ||
| 700 | |a Zacarías, Fernando | ||
| 700 | |a colab | ||
| 710 | |a OPS | ||
| 999 | |c 5415 |d 5415 | ||
